[Event "NOR-ch Class5"]
[Site "Lillehammer"]
[Date "2013.06.29"]
[Round "2"]
[White "Tandberg, Asle"]
[Black "Hoem, Sverre"]
[Result "0-1"]
[WhiteElo "805"]
[BlackElo "758"]
[PlyCount "99"]
[EventDate "2013.06.29"]
[EventType "swiss"]
[EventRounds "9"]
[EventCountry "NOR"]
[SourceTitle "EXT 2017"]
[Source "ChessBase"]
[SourceDate "2016.10.25"]
[SourceVersion "1"]
[SourceVersionDate "2016.10.25"]
[SourceQuality "1"]

1. d4 Nf6 2. c4 d6 3. Nf3 g6 4. Nc3 Bg7 5. Bg5 0-0 6. e3 c5 7. Be2 Nbd7 8. 0-0 Nb6 9. Qc2 Qc7 10. h3 cxd4 11. exd4 Bf5 12. Qb3 Ne4 13. Bf4 Qd7 14. Nxe4 Bxe4 15. Rad1 Qf5 16. Qe3 e5 17. Bg3 exd4 18. Nxd4 Bxd4 19. Rxd4 d5 20. Bg4 Qf6 21. cxd5 Bxd5 22. Be5 Qc6 23. Rc1 Qe8 24. Bf5 f6 25. Rc7 Qxe5 26. Qxe5 fxe5 27. Rh4 Rxf5 28. Rcxh7 Rh5 29. R4xh5 gxh5 30. Rxh5 Re8 31. g4 Bf3 32. Rg5+ Kh7 33. Rf5 Bd5 34. h4 Bxa2 35. g5 Bb1 36. Rf7+ Kg8 37. Rxb7 Nc8 38. h5 Be4 39. Rc7 Ne7 40. Kh2 Nf5 41. g6 Ne7 42. Rxa7 Kg7 43. Kg3 Bxg6 44. hxg6 Kxg6 45. Ra6+ Kf5 46. f3 Rg8+ 47. Kf2 Rc8 48. b4 Rc2+ 49. Ke3 Nd5+ 50. Kd3 0-1